Latex rubber modified polystyrene as a model system for HIPS: Effect of rubber particle parameters (Record no. 62075)

MARC details
000 -LEADER
fixed length control field 00420nam a2200121Ia 4500
100 ## - MAIN ENTRY--AUTHOR NAME
Personal name Cook D G
245 #0 - TITLE STATEMENT
Title Latex rubber modified polystyrene as a model system for HIPS: Effect of rubber particle parameters
260 ## - PUBLICATION, DISTRIBUTION, ETC. (IMPRINT)
Name of publisher Plastics, Rubber and Composites Processing and Applications
Year of publication 1993
300 ## - PHYSICAL DESCRIPTION
Number of Pages 219-228
650 ## - SUBJECT ADDED ENTRY--TOPICAL TERM
Topical Term High impact polystyrene
942 ## - ADDED ENTRY ELEMENTS (KOHA)
Koha item type Journals
Holdings
Withdrawn status Lost status Damaged status Not for loan Home library Current library Date acquired Serial Enumeration / chronology Koha item type
      Journals RRII Library RRII Library 17/12/2021 Volume 20, Issue 4 Journals